000 00711cac a2200241 a 4500
003 Co-PeBPM
005 20250224195331.0
008 231129e1977||||xx ak|||||||||||| ||spa||
020 _a8423108058
040 0 _aCo-PeBPM
_bspa
_cCo-PeBPM
_erda
041 _aspa
082 0 4 _a155.2 D118t
_222
100 1 _aDaco, Pierre
_eAutor
245 1 0 _aTu Personalidad
_c/ Pierre Daco
260 _aBarcelona, España
_b: Editorial Daimon
_c, 1977
300 _a488 Páginas
_c; 14 Centímetros
500 _aIncluye Índice.
650 1 4 _2LEMB
_aPsicología
650 1 4 _2LEMB
_aPsicología de la personalidad
650 1 4 _2LEMB
_aPersonalidad
700 _aFontanilla, José Antonio
_eTraducción
942 _2ddc
_cBK
999 _c25730
_d25730